000
003440000a22001570004500
005
20120302060538.0
942
_c
BOOK
100
_a
Suri,Dhanpat
100
_a
Rasvyaakhya
245
_a
Gudhaartha Deepikaa
260
_a
Banaras:Harikrushna Das,1908.
300
_a
266,16p.
040
_a
SAN
650
_a
Sanskrut
650
_a
Adhyatma
999
_c
351481
_d
351478